000 00314nam a22001337a 4500
008 181017b xxu||||| |||| 00| 0 eng d
020 _a9781572240469
041 _aeng
080 _a610
100 _a4
101 _aSHM
245 _aFibromyagia Chronic Myofascial Pain Syndrome
_cDevin.s
942 _2udc
_cBK
999 _c50075
_d50075